[Event "Gibraltar Challengers B 2019"]
[Site "Caleta"]
[Date "2019.01.28"]
[Round "3"]
[White "Hassomal Daswani, Birjkumar"]
[Black "Nandi, Robin J"]
[Result "1-0"]
[WhiteElo "2008"]
[BlackElo "1903"]
[Annotator "NA RC"]
[PlyCount "85"]
[EventDate "2019.01.18"]
[EventType "swiss"]
[EventCountry "GGB"]
[SourceTitle "playchess.com"]
[Source "ChessBase"]
[SourceQuality "1"]
[TimeControl "6600+10"]

1. e4 {[%emt 0:11:21]} e5 {[%emt 0:00:01]} 2. Nf3 {[%emt 0:00:05]} Nc6 {[%emt 0:00:12]} 3. Bc4 {[%emt 0:00:30]} Bc5 {[%emt 0:00:08]} 4. O-O {[%emt 0:00:13]} Nf6 {[%emt 0:00:07]} 5. d3 {[%emt 0:00:32]} d6 {[%emt 0:00:45]} 6. c3 {[%emt 0:00:22]} O-O {[%emt 0:00:41]} 7. a4 {[%emt 0:00:17]} a6 {[%emt 0:01:42]} 8. Bg5 {[%emt 0:00:26]} h6 {[%emt 0:00:29]} 9. Bh4 {[%emt 0:00:15]} Ba7 {[%emt 0:01:04]} 10. Bb3 {[%emt 0:00:14] C54: Giuoco Piano: 4 c3 Nf6, main lines with 5 d4 and 5 d3} (10. Nbd2 g5 11. Bg3 g4 12. Nh4 Nh5 13. Re1 Qg5 14. Nf1 Kg7 15. Ne3 Nxg3 16. hxg3 Bxe3 17. Rxe3 Ne7 {1-0 (55) Anand,V (2773)-Nakamura,H (2746) Kolkata 2018}) 10... Re8 $146 {[%emt 0:00:29]} ({Predecessor:} 10... Be6 11. Nbd2 Qe7 12. Re1 Bxb3 13. Qxb3 Rab8 14. Nc4 Qe6 15. a5 Nd7 {1-0 (61) Yudasin,L (2615)-Ivanov,A (2520) Worchester 1990}) 11. Nbd2 {[%emt 0:00:23]} Be6 {[%emt 0:01:03]} 12. Bc2 {[%emt 0:00:06]} Qe7 {[%emt 0:15:35]} 13. Re1 {[%emt 0:02:08]} Rad8 {[%emt 0:01:31]} 14. Nf1 {[%emt 0:00:24]} d5 {[%emt 0:03:54]} 15. exd5 {[%emt 0:00:12]} Bxd5 {[%emt 0:02:04]} 16. Nxe5 {[%emt 0:01:08]} Nxe5 {[%emt 0:05:51]} 17. d4 {[%emt 0:00:53]} Nf3+ {[%emt 0:32:22]} 18. gxf3 {[%emt 0:00:30]} Qxe1 {[%emt 0:06:54]} 19. Qxe1 {[%emt 0:00:29]} Rxe1 {[%emt 0:00:04]} 20. Rxe1 {[%emt 0:00:05]} Bxf3 {[%emt 0:00:21]} 21. Re7 {[%emt 0:01:15]} Nd5 {[%emt 0:02:11]} 22. Rxf7 {[%emt 0:00:41]} Kxf7 {[%emt 0:00:48]} 23. Bxd8 {[%emt 0:00:06]} c5 {[%emt 0:05:10]} 24. Nd2 {[%emt 0:01:21]} Bg4 {[%emt 0:03:08]} 25. dxc5 {[%emt 0:02:22]} Bxc5 {[%emt 0:01:10]} 26. Be4 {[%emt 0:02:50]} Ne3 $2 {[%emt 0:09:51]} (26... Ke6 $16 {is tougher.}) 27. b4 {[%emt 0:01:36]} Ba7 {[%emt 0:00:19]} 28. Bxb7 {[%emt 0:00:21]} Nd1 {[%emt 0:00:27]} 29. Ne4 {[%emt 0:03:45]} Bf5 {[%emt 0:03:25]} 30. Nd6+ {[%emt 0:03:25]} Ke6 {[%emt 0:00:04]} 31. Nxf5 {[%emt 0:00:24]} Kxf5 {[%emt 0:00:02]} 32. c4 {[%emt 0:00:39]} Nxf2 {[%emt 0:01:46]} 33. c5 {[%emt 0:00:10]} Nd3 {[%emt 0:00:10]} 34. Bb6 {[%emt 0:03:02]} Bxb6 {[%emt 0:03:52]} 35. cxb6 {[%emt 0:00:48]} Ke5 {[%emt 0:01:15]} (35... Nxb4 $142 36. Bh1 a5) 36. Bxa6 {[%emt 0:00:26]} Nxb4 {[%emt 0:00:02]} 37. Bb5 {[%emt 0:00:15]} Kd6 {[%emt 0:00:56]} 38. Kf2 {[%emt 0:00:54]} Nd5 {[%emt 0:01:43]} 39. a5 {[%emt 0:00:31]} Nc3 {[%emt 0:00:06]} 40. a6 {[%emt 0:02:44]} Nd5 {[%emt 0:02:46]} 41. b7 {[%emt 0:00:11]} Kc7 {[%emt 0:00:09] [#]} 42. Bc6 $1 {[%emt 0:01:21]} Nb4 {[%emt 0:01:03]} 43. a7 $18 {[%emt 0:00:52]} 1-0

[Event "Gibraltar Challengers B 2019"]
[Site "Caleta"]
[Date "2019.01.28"]
[Round "3"]
[White "Probst, Alexander"]
[Black "Pavlov, Egor"]
[Result "0-1"]
[WhiteElo "1976"]
[BlackElo "2187"]
[Annotator "TA"]
[PlyCount "108"]
[EventDate "2019.01.18"]
[EventType "swiss"]
[EventCountry "GGB"]
[SourceTitle "playchess.com"]
[Source "ChessBase"]
[SourceQuality "1"]

{[%evp 22,108,24,22,8,7,20,16,25,0,13,0,16,0,0,-174,-177,-182,-164,-176,-162,-191,-197,-200,-193,-237,-223,-218,-166,-186,0,-163,-152,-230,-206,-278,-279,-277,-285,-294,-294,-336,-338,-345,-235,-224,-252,-198,0,0,0,0,0,0,0,0,0,-264,0,0,0,-477,-460,-477,-297,-325,0,-433,-391,-371,-389,-387,-358,-703,-470,-456,-434,-636,-620,-591,-547,-1310,-1287,-1752,-1717,-1675,-1576,-29938,-6307]} 1. Nf3 Nf6 2. d4 g6 3. g3 Bg7 4. Bg2 O-O 5. c4 d6 6. Nc3 Nc6 7. O-O a6 8. e4 Bg4 9. h3 Bxf3 10. Bxf3 e5 11. d5 Nd4 12. Bg2 {LiveBook: 13 Games} c5 {E63: King's Indian: Fianchetto: Panno Variation with 7...a6} 13. dxc6 bxc6 14. Be3 Nd7 {The position is equal.} 15. Qd2 (15. b4 Qe7 16. Qd3 Rfb8 17. Rab1 Qe6 18. Rfc1 Rb7 19. Ne2 Rab8 20. a3 a5 21. Bd2 Nc5 {1-0 (59) Grachev,B (2675)-Can,E (2524) Yerevan 2014}) 15... Rb8 16. Ne2 {[%cal Re2d4]} c5 {[%cal Bc6c5,Bc5d4][%mdl 32]} 17. Rab1 $146 ({Predecessor:} 17. Nc3 Nb6 18. b3 Qd7 19. f4 f5 20. exf5 Nxf5 {½-½ (45) Spasojevic,Z (2217)-Ivanov,I (1840) Paracin 2018}) 17... a5 18. Nxd4 $2 (18. Nc3 $11) 18... cxd4 $19 19. Bh6 Nc5 20. Bxg7 Kxg7 21. b3 {[#]} Rb4 $1 22. f4 Qb6 23. f5 f6 24. Qd1 Rb8 25. Qf3 Rf8 $2 ({Black should play} 25... g5 $19 {Hoping for ...Qa7.} 26. Qg4 Kh8) 26. fxg6 $2 (26. Qd1 $1 $11 {and White stays safe.}) 26... hxg6 27. Qd1 (27. h4 $17 {might work better.}) 27... Qb7 28. Qe1 Rb8 29. Qf2 Qe7 ({Not} 29... Nxe4 $2 30. Bxe4 Qf7 31. g4 $18) 30. h4 a4 31. h5 axb3 32. axb3 Rxb3 33. Rxb3 Rxb3 ({Don't do} 33... Nxb3 34. Rb1) 34. hxg6 Kxg6 $2 (34... Ne6 $19 35. Ra1 Ng5) 35. Qf5+ $11 Kg7 36. Qg4+ $1 Kf7 37. Qh5+ Kg7 38. Qg4+ $1 Kf7 39. Rf5 $2 {[%mdl 8192]} (39. Qh5+ $11 Kg8 40. Qg6+ Qg7 41. Qe8+ Qf8 42. Qg6+ {[%mdl 64] Double Attack} Qg7 43. Qe8+ Qf8 44. Qg6+ {[%mdl 64] Double Attack} Qg7) 39... Ne6 $2 (39... Qf8 $19 {aiming for ...Qg7.} 40. Qh5+ Ke7) 40. Rh5 $1 {[%cal Rh5h7] [#] Rh7+ is the strong threat.} ({Wrong is} 40. Qh5+ $2 Kg7 $19) 40... Ng5 {Strongly threatening ...Qe6.} 41. Qf5 $2 {[%mdl 8192]} (41. Rh8 $11 {and White is okay.} Rb1+ 42. Kh2) 41... Kg7 $19 42. Qc8 Qf8 43. Qg4 Qe7 44. Qc8 $1 Rxg3 45. Kh2 Re3 46. Qh8+ Kf7 47. Bh3 $2 (47. Rh6 Qe6 48. Qd8) 47... Rxh3+ 48. Rxh3 Nxh3 49. Qxh3 {[%mdl 4096] Endgame KQ-KQ} (49. Qh7+ $142 Ke8 50. Qxh3) 49... Qe6 {( -> ...Qxh3+)} 50. Qh7+ Ke8 51. Qh8+ Kd7 52. Qg7+ Kc6 53. Kg3 Qxc4 54. Kg4 d3 {Accuracy: White = 37%, Black = 64%.} 0-1

[Event "Gibraltar Challengers B 2019"]
[Site "Caleta"]
[Date "2019.01.28"]
[Round "3"]
[White "Cano Sevilla, Ivan"]
[Black "Ungureanu, Sandu"]
[Result "1/2-1/2"]
[WhiteElo "1950"]
[BlackElo "2057"]
[Annotator "NA RC"]
[PlyCount "120"]
[EventDate "2019.01.18"]
[EventType "swiss"]
[EventCountry "GGB"]
[SourceTitle "playchess.com"]
[Source "ChessBase"]
[SourceQuality "1"]
[TimeControl "6600+10"]

1. d4 {[%emt 0:00:01]} c6 {[%emt 0:00:04]} 2. Nf3 {[%emt 0:00:16]} d5 {[%emt 0:00:10]} 3. Bf4 {[%emt 0:00:08]} Nf6 {[%emt 0:00:27]} 4. e3 {[%emt 0:00:05]} Bg4 {[%emt 0:00:47]} 5. Be2 {[%emt 0:00:06]} Bxf3 {[%emt 0:00:14] D02: 1 d4 d5 2 Nf3 sidelines, including 2...Nf6 3 g3 and 2...Nf6 3 Bf4} (5... Nbd7 6. Nbd2 e6 7. h3 Bh5 8. O-O Be7 9. c4 O-O 10. Ne5 Bxe2 11. Qxe2 a5 12. Nxd7 Qxd7 13. c5 {½-½ (42) Marjanovic,D (2432)-Dao,T (2486) Baku 2016}) 6. Bxf3 {[%emt 0:00:05]} e6 {[%emt 0:00:24]} 7. c3 {[%emt 0:00:08]} Bd6 $146 {[%emt 0:02:05]} ({Predecessor:} 7... Be7 8. Nd2 O-O 9. O-O {½-½ (9) Kukuljan,V (2043)-Zoricic,M (2066) Croatia 2016}) 8. Bg5 {[%emt 0:00:55]} Nbd7 {[%emt 0:00:51]} 9. Nd2 {[%emt 0:00:31]} h6 {[%emt 0:00:11]} 10. Bh4 {[%emt 0:00:07]} Qc7 {[%emt 0:05:02]} 11. Qe2 {[%emt 0:02:18]} g5 {[%emt 0:01:52]} 12. Bg3 {[%emt 0:00:05]} h5 {[%emt 0:00:22]} 13. Bxd6 {[%emt 0:00:12]} Qxd6 {[%emt 0:00:08]} 14. g3 {[%emt 0:00:32]} g4 {[%emt 0:00:14]} 15. Bg2 {[%emt 0:00:24]} h4 {[%emt 0:00:22]} 16. Rg1 {[%emt 0:01:40]} O-O-O {[%emt 0:07:01]} 17. e4 {[%emt 0:03:05]} e5 {[%emt 0:01:30]} 18. dxe5 {[%emt 0:01:47]} Qxe5 {[%emt 0:00:52]} 19. exd5 {[%emt 0:00:47]} Qxe2+ {[%emt 0:01:07]} 20. Kxe2 {[%emt 0:00:02]} Rhe8+ {[%emt 0:01:14]} 21. Kd1 {[%emt 0:01:39]} Ne5 {[%emt 0:01:10]} (21... Nc5 $17 22. Kc2 h3) 22. Kc2 {[%emt 0:00:46]} h3 {[%emt 0:02:11]} 23. Bh1 {[%emt 0:00:37]} Nxd5 {[%emt 0:02:30]} 24. Rge1 {[%emt 0:01:35]} Nf6 {[%emt 0:08:59]} 25. Rad1 {[%emt 0:05:50]} Kc7 {[%emt 0:02:06]} 26. f4 {[%emt 0:11:33]} Ng6 {[%emt 0:05:50]} 27. c4 {[%emt 0:13:12]} Rxe1 {[%emt 0:09:14]} 28. Rxe1 {[%emt 0:00:07]} Re8 {[%emt 0:00:03]} 29. Rxe8 {[%emt 0:03:14]} Nxe8 {[%emt 0:00:05]} 30. Be4 {[%emt 0:00:03]} Ne7 {[%emt 0:00:49]} 31. Kc3 {[%emt 0:01:07]} f5 {[%emt 0:02:22]} 32. Bc2 {[%emt 0:01:29]} c5 {[%emt 0:01:58]} 33. a3 {[%emt 0:01:05]} a5 {[%emt 0:01:48]} 34. b4 {[%emt 0:01:27]} axb4+ {[%emt 0:00:08]} 35. axb4 {[%emt 0:00:04]} b6 {[%emt 0:00:57]} 36. bxc5 {[%emt 0:01:29]} bxc5 {[%emt 0:00:05]} 37. Nf1 {[%emt 0:00:45]} Nd6 {[%emt 0:01:26]} 38. Ne3 {[%emt 0:00:55]} Kd7 {[%emt 0:00:35]} 39. Nd5 {[%emt 0:05:17]} Nxd5+ 40. cxd5 {[%emt 0:00:01]} Kc7 {[%emt 0:04:41]} 41. Bd3 {[%emt 0:02:27] [#]} Kb6 $2 {[%emt 0:01:37]} ({Black should play} 41... Kb7 $1 $19 42. Bc2 Nb5+ 43. Kc4 Na3+ 44. Kb3 Nxc2 45. Kxc2 Kc7) 42. Kb3 {[%emt 0:01:00]} Kb7 {[%emt 0:02:22]} 43. Kc3 $2 {[%emt 0:01:49]} (43. Ka4 $11 {and White is okay.}) 43... Kb6 {[%emt 0:00:30]} 44. Kb3 {[%emt 0:00:08]} Kc7 {[%emt 0:00:05]} 45. Kc3 {[%emt 0:00:04]} Kb6 {[%emt 0:00:41]} 46. Kb3 {[%emt 0:00:08]} Ka5 {[%emt 0:00:05]} 47. Kc3 {[%emt 0:00:04]} Ka4 {[%emt 0:00:13]} 48. Bc2+ {[%emt 0:00:17]} Kb5 {[%emt 0:00:13]} 49. Bb1 $2 {[%emt 0:02:10]} (49. Bd3+ $11 c4 50. Bxc4+ Nxc4 51. Kd4) 49... c4 {[%emt 0:00:20]} 50. Kd4 {[%emt 0:00:06]} Kb4 {[%emt 0:00:14]} 51. Ke5 {[%emt 0:01:00]} Kc5 {[%emt 0:00:09]} 52. Ke6 {[%emt 0:01:12]} c3 {[%emt 0:01:22]} 53. Bc2 {[%emt 0:02:29]} Ne4 $2 {[%emt 0:03:13]} ({Black should try} 53... Nb5 $19 54. Ba4 Nd4+ 55. Ke5 Nf3+ 56. Ke6 Kb4) 54. Kxf5 {[%emt 0:00:52]} Nxg3+ $1 {[%emt 0:00:19]} 55. Kxg4 {[%emt 0:00:07]} Ne2 {[%emt 0:01:10]} 56. f5 {[%emt 0:07:48]} Kxd5 {[%emt 0:00:42]} 57. f6 {[%emt 0:00:19]} Ke6 {[%emt 0:00:24]} 58. Kg5 {[%emt 0:00:42]} Kf7 {[%emt 0:00:11]} 59. Bb3+ {[%emt 0:04:11]} Kf8 {[%emt 0:00:24]} 60. Kh4 {[%emt 0:01:15]} Nf4 $11 {[%emt 0:00:03]} 1/2-1/2

[Event "Gibraltar Challengers B 2019"]
[Site "Caleta"]
[Date "2019.01.28"]
[Round "3"]
[White "Adebajo, Olufemi"]
[Black "Haase, Pavel"]
[Result "0-1"]
[WhiteElo "1915"]
[BlackElo "2141"]
[Annotator "TA"]
[PlyCount "32"]
[EventDate "2019.01.18"]
[EventType "swiss"]
[EventCountry "GGB"]
[SourceTitle "playchess.com"]
[Source "ChessBase"]
[SourceQuality "1"]

{[%evp 9,32,-49,-49,-39,-41,-83,-72,-118,-29,-497,-513,-520,-524,-512,-495,-579,-586,-1008,-1006,-997,-991,-986,-977,-1035,-1014]} 1. e4 c5 2. Nf3 Nc6 3. b4 cxb4 4. d4 {[%cal Bd2d4,Bd4d5][%mdl 32]} e6 (4... d5 5. exd5 Qxd5 6. c4 bxc3 7. Nxc3 Qa5 8. Bd2 e6 9. Rb1 Nf6 10. Bb5 Qd8 11. O-O Be7 12. Ne5 Bd7 13. Ba4 Qc8 14. Bg5 O-O 15. Rc1 {½-½ (91) Christiansen,J (2492)-Agdestein,S (2586) Drammen 2018}) 5. d5 Qf6 6. c3 $1 {B30: Sicilian: 2...Nc6 3 Bb5, lines without ...g6} Ne5 7. Nd4 Bc5 8. f4 {Black is better.} bxc3 $146 (8... Nh6 $17 {Strongly threatening ...Neg4.} 9. Be2 bxc3) ({Predecessor:} 8... Ng6 9. e5 Nxe5 10. fxe5 Qh4+ 11. Ke2 Ne7 12. Qd3 Nxd5 13. Nf3 Qh5 14. c4 Ne7 15. a3 {½-½ (15) Jones,I-Graham,O (1938) ICCF email 2013}) 9. fxe5 $2 {[%mdl 8192]} (9. Nb3 $11 Bb6 10. Qe2) 9... Qh4+ $19 {[%mdl 64] [#] Double Attack. Black is clearly winning.} 10. Ke2 Qg4+ ({Inferior is} 10... Qxe4+ 11. Be3 $11) 11. Ke1 Qxe4+ 12. Qe2 Qxd4 13. Ba3 c2 {[%mdl 64] [#] Discovered Attack} 14. Qxc2 Bxa3 15. Nxa3 Qxa1+ 16. Kf2 Qd4+ {[%mdl 64] Double Attack} 0-1

[Event "Gibraltar Challengers B 2019"]
[Site "Caleta"]
[Date "2019.01.28"]
[Round "3"]
[White "Pereira Lopez, Aketza"]
[Black "Vinal Gutierrez, Pedro"]
[Result "1-0"]
[WhiteElo "1861"]
[BlackElo "1997"]
[Annotator "NA"]
[PlyCount "79"]
[EventDate "2019.01.18"]
[EventType "swiss"]
[EventCountry "GGB"]
[SourceTitle "playchess.com"]
[Source "ChessBase"]
[SourceQuality "1"]
[TimeControl "6600+10"]

1. e4 {[%emt 0:00:00]} e6 {[%emt 0:00:00]} 2. Nf3 {[%emt 0:00:08]} d5 {[%emt 0:00:00]} 3. e5 {[%emt 0:00:17]} c5 {[%emt 0:00:30]} 4. b4 {[%emt 0:00:14]} d4 {[%emt 0:01:07]} 5. bxc5 {[%emt 0:00:07]} Bxc5 {[%emt 0:00:26]} 6. Ba3 {[%emt 0:00:07] C00: French: Unusual White 2nd moves} (6. Bd3 Nc6 7. Ba3 Qa5 8. Bxc5 Qxc5 9. O-O Nxe5 10. Nxe5 Qxe5 11. Na3 Nf6 12. Nc4 Qc7 13. Re1 Bd7 {0-1 (39) Maier,C (2388)-Rambaldi,F (2555) Porto Mannu 2017}) 6... Qa5 {[%emt 0:03:02]} 7. Bxc5 {[%emt 0:00:14]} Qxc5 {[%emt 0:00:07]} 8. c3 {[%emt 0:00:23]} Nc6 {[%emt 0:00:52]} 9. cxd4 {[%emt 0:00:27]} Nxd4 {[%emt 0:00:57]} 10. Qa4+ {[%emt 0:00:09]} Bd7 {[%emt 0:01:24]} 11. Qxd4 {[%emt 0:00:07]} Qc1+ {[%emt 0:00:11]} 12. Ke2 {[%emt 0:00:01]} Bb5+ {[%emt 0:00:39]} 13. d3 {[%emt 0:00:02]} Rd8 {[%emt 0:04:07]} 14. Nbd2 $146 {[%emt 0:00:39]} Qc7 $2 {[%emt 0:09:55]} (14... Qa3 $1 $11 {and Black has nothing to worry.} 15. Qf4 (15. Nc4 $2 Bxc4 {[%mdl 64] Overworked Piece} 16. Qxc4 Qb2+ {[%mdl 64] Double Attack} 17. Ke3 Qxa1 $19) 15... Qb2) 15. Qb2 {[%emt 0:05:18]} Bxd3+ {[%emt 0:06:15]} 16. Ke1 {[%emt 0:00:08]} Ne7 {[%emt 0:02:16]} 17. Rc1 {[%emt 0:09:59]} Nc6 {[%emt 0:00:41]} 18. Qa3 {[%emt 0:03:04]} Bxf1 {[%emt 0:04:15]} 19. Kxf1 {[%emt 0:02:07]} Rd5 {[%emt 0:06:01]} 20. Nc4 {[%emt 0:03:46]} f6 {[%emt 0:03:13]} 21. g3 {[%emt 0:04:53]} Kd8 {[%emt 0:06:16]} 22. Kg2 {[%emt 0:02:34]} Kc8 {[%emt 0:01:18]} 23. Nd6+ {[%emt 0:00:31]} Kb8 {[%emt 0:00:16]} 24. Rb1 {[%emt 0:08:23]} Na5 {[%emt 0:01:01]} 25. Rhc1 {[%emt 0:01:18]} Qd7 {[%emt 0:02:39]} 26. Rc5 {[%emt 0:05:51]} fxe5 {[%emt 0:02:05]} 27. Rxd5 {[%emt 0:02:44]} exd5 {[%emt 0:00:18]} 28. Nxe5 {[%emt 0:01:23]} Qc7 {[%emt 0:01:40]} 29. Rb5 {[%emt 0:04:52]} b6 {[%emt 0:04:14]} 30. Qxa5 {[%emt 0:03:18]} Qxd6 {[%emt 0:00:20]} 31. Nf7 {[%emt 0:00:08]} Qc6 {[%emt 0:04:40]} 32. Nxh8 {[%emt 0:29:19]} d4+ {[%emt 0:00:11]} 33. Kh3 {[%emt 0:00:43]} Qe6+ {[%emt 0:05:23]} 34. Kh4 {[%emt 0:04:48]} Qe7+ {[%emt 0:07:29]} 35. Kg4 {[%emt 0:00:40]} Qe4+ {[%emt 0:02:06]} 36. Kg5 {[%emt 0:03:41]} h6+ {[%emt 0:02:51]} 37. Kh5 {[%emt 0:00:08]} Qf3+ {[%emt 0:00:39]} 38. Kg6 {[%emt 0:03:05]} Qe4+ {[%emt 0:02:05]} 39. Kxg7 {[%emt 0:00:48]} Qb7+ {[%emt 0:00:10]} 40. Nf7 $18 {[%emt 0:00:42]} 1-0

[Event "Gibraltar Challengers B 2019"]
[Site "Caleta"]
[Date "2019.01.28"]
[Round "3"]
[White "Teh, Wee Zhun"]
[Black "Kozarcanin, Sead"]
[Result "0-1"]
[WhiteElo "1818"]
[BlackElo "2048"]
[Annotator "NA RC"]
[PlyCount "64"]
[EventDate "2019.01.18"]
[EventType "swiss"]
[EventCountry "GGB"]
[SourceTitle "playchess.com"]
[Source "ChessBase"]
[SourceQuality "1"]
[TimeControl "6600+10"]

{[%evp 8,64,23,32767,32767,32767,32767,32767,32767,32767,32767,32767,29,32767,32767,0,39,32767,32767,32767,32767,32767,32767,-12,-35,32767,-45,32767,32767,32767,32767,32767,-60,32767,32767,32767,32767,-61,32767,32767,-73,-100,-109,32767,-176,-189,-129,-196,32767,-198,-119,-131,-106,-29982,-29985,-29997,-29998,-29998,-29999]} 1. d4 {[%emt 0:00:00]} d5 {[%emt 0:00:55]} 2. c4 {[%emt 0:00:17]} c6 {[%emt 0:00:02]} 3. Nc3 {[%emt 0:00:11]} Nf6 {[%emt 0:00:22]} 4. e3 {[%emt 0:00:12]} a6 {[%emt 0:00:13]} 5. Nf3 {[%emt 0:00:28]} b5 {[%emt 0:01:05]} 6. b3 {[%emt 0:00:23]} Bg4 {[%emt 0:02:05]} 7. Be2 {[%emt 0:04:11]} e6 {[%emt 0:00:13]} 8. O-O {[%emt 0:12:45]} Nbd7 {[%emt 0:01:04]} 9. a4 {[%emt 0:05:40] D15: Slav Defence: 4 Nc3 a6 and gambit lines after 4 Nc3 dxc4} (9. Bb2 Qb8 10. c5 a5 11. h3 Bh5 12. a3 Be7 13. b4 a4 14. Ne5 Nxe5 15. dxe5 Qxe5 16. Nxa4 Bxe2 17. Qxe2 {0-1 (42) Ni,H (2671)-Laznicka,V (2647) Riadh 2017}) 9... b4 {[%emt 0:09:44] LiveBook: 7 Games} 10. Nb1 {[%emt 0:02:10]} Ne4 {[%emt 0:00:27]} 11. h3 {[%emt 0:06:58]} Bh5 {[%emt 0:04:17]} (11... Bf5 $11) 12. c5 $146 {[%emt 0:03:12]} ({Predecessor:} 12. a5 Bd6 13. Ra4 Bc7 14. Rxb4 O-O 15. Ra4 Bxa5 16. c5 Bc7 17. Nfd2 Bxe2 18. Qxe2 Nxd2 19. Nxd2 {½-½ (43) Chirivi Castiblanco,J (2250)-Mateus,M (2140) Quibdo 2015}) 12... a5 {[%emt 0:02:29]} 13. Bb2 {[%emt 0:05:56]} Be7 {[%emt 0:07:42]} 14. Qc2 {[%emt 0:04:39]} Qc7 {[%emt 0:04:43]} 15. Nbd2 {[%emt 0:02:46]} f5 {[%emt 0:00:39]} 16. Rae1 {[%emt 0:02:41]} O-O {[%emt 0:01:10]} 17. Nxe4 {[%emt 0:04:07]} fxe4 {[%emt 0:00:48]} 18. Ng5 {[%emt 0:01:25]} Bxg5 {[%emt 0:01:09]} 19. Bxh5 {[%emt 0:00:02]} Nf6 {[%emt 0:06:09]} 20. Bd1 {[%emt 0:02:54]} Nd7 {[%emt 0:05:24]} 21. Bg4 {[%emt 0:07:09]} Rae8 {[%emt 0:00:24]} 22. Qd1 {[%emt 0:20:33]} Bf6 {[%emt 0:01:07]} 23. Qa1 {[%emt 0:07:36]} Rf7 {[%emt 0:01:07]} 24. Qc1 {[%emt 0:04:23]} g6 {[%emt 0:01:51]} 25. f4 {[%emt 0:06:00]} exf3 {[%emt 0:04:03]} 26. Bxf3 {[%emt 0:00:32]} Bh4 {[%emt 0:01:14]} 27. Rd1 {[%emt 0:03:35]} (27. e4 $17 {might work better.}) 27... Qg3 {[%emt 0:07:40]} 28. Qd2 {[%emt 0:02:08]} Nf6 {[%emt 0:01:48]} ({Black should try} 28... Ref8 $19 29. Qe2 Bg5) 29. Qe2 {[%emt 0:00:30]} Ref8 {[%emt 0:02:36]} 30. Bg4 $2 {[%emt 0:01:07]} (30. Bc1 $19) 30... Nxg4 {[%emt 0:00:54]} 31. Qxg4 {[%emt 0:00:28]} Rxf1+ {[%emt 0:00:11]} 32. Rxf1 {[%emt 0:00:03]} Rxf1+ {[%emt 0:00:09]} 0-1

[Event "Gibraltar Challengers B 2019"]
[Site "Caleta"]
[Date "2019.01.28"]
[Round "3"]
[White "Livesey, R Nigel"]
[Black "Garcia Lopez, Juan Antonio"]
[Result "0-1"]
[WhiteElo "1797"]
[BlackElo "1964"]
[Annotator "NA"]
[PlyCount "104"]
[EventDate "2019.01.18"]
[EventType "swiss"]
[EventCountry "GGB"]
[SourceTitle "playchess.com"]
[Source "ChessBase"]
[SourceQuality "1"]
[TimeControl "6600+10"]

1. c4 {[%emt 0:00:00]} e5 {[%emt 0:00:00]} 2. g3 {[%emt 0:00:00]} Nf6 {[%emt 0:00:00]} 3. Bg2 {[%emt 0:00:04]} d6 {[%emt 0:00:01]} 4. Nc3 {[%emt 0:00:09]} g6 {[%emt 0:00:06]} 5. d3 {[%emt 0:00:45]} Bg7 {[%emt 0:00:04]} 6. e4 {[%emt 0:00:04]} O-O {[%emt 0:00:06]} 7. Nge2 {[%emt 0:00:06]} Nbd7 {[%emt 0:00:12]} 8. O-O {[%emt 0:00:13]} Nc5 {[%emt 0:00:20] A24: English Opening vs King's Indian: Lines without ...Nc6} (8... c6 9. h3 a6 10. a4 a5 11. Be3 Nc5 12. f4 Qe7 13. Qc2 Bd7 14. Rae1 Rfe8 15. Rf2 h6 16. Ref1 Kh7 17. Kh2 Ne6 {1-0 (47) Vishnu,P (2510)-Arjun,K (2397) Sharjah 2018}) 9. b4 {[%emt 0:00:46]} Ne6 {[%emt 0:00:07]} 10. h3 {[%emt 0:00:49]} a5 $146 {[%emt 0:00:24]} ({Predecessor:} 10... c6 11. Kh2 Nh5 12. Bf3 Nf6 13. Qb3 a5 14. bxa5 Nc5 15. Qc2 Rxa5 16. h4 {½-½ (25) Shushunov,A (1429)-Popov,M (1831) Voronezh 2018}) 11. b5 {[%emt 0:02:11]} Nc5 {[%emt 0:01:58]} 12. Be3 {[%emt 0:00:36]} Nfd7 {[%emt 0:01:34]} 13. Qd2 {[%emt 0:05:40]} f5 {[%emt 0:00:24]} 14. Bg5 {[%emt 0:00:47]} Nf6 {[%emt 0:00:11]} 15. Nd5 {[%emt 0:00:37]} Ne6 {[%emt 0:01:17]} 16. Bxf6 {[%emt 0:00:50]} Bxf6 {[%emt 0:00:13]} 17. Nxf6+ {[%emt 0:00:10]} Qxf6 {[%emt 0:00:28]} 18. f4 {[%emt 0:00:39]} Kh8 {[%emt 0:01:57]} 19. Kh2 {[%emt 0:01:25]} Qg7 {[%emt 0:04:29]} 20. exf5 {[%emt 0:02:31]} gxf5 {[%emt 0:01:14]} 21. Rae1 {[%emt 0:04:35]} Nc5 {[%emt 0:03:59]} 22. fxe5 {[%emt 0:02:14]} dxe5 {[%emt 0:00:39]} 23. d4 {[%emt 0:00:24]} exd4 {[%emt 0:01:06]} 24. Qxd4 {[%emt 0:01:43]} Qxd4 {[%emt 0:03:35]} 25. Nxd4 {[%emt 0:00:35]} Bd7 {[%emt 0:00:30]} 26. Re5 {[%emt 0:03:05]} Nd3 {[%emt 0:02:39]} 27. Rd5 {[%emt 0:02:42]} Rad8 {[%emt 0:00:54]} 28. Nxf5 {[%emt 0:01:15]} Nb4 {[%emt 0:00:19]} 29. Rd2 {[%emt 0:02:03]} (29. Rd4 $5 {[%cal Rf5e3]}) 29... Bxf5 {[%emt 0:00:22]} 30. Rxd8 {[%emt 0:01:30]} Rxd8 {[%emt 0:00:03]} 31. Rxf5 {[%emt 0:00:12]} Nxa2 {[%emt 0:00:04]} 32. Rf2 {[%emt 0:01:46]} Nc3 {[%emt 0:00:19]} 33. Bxb7 {[%emt 0:00:59]} a4 {[%emt 0:00:40]} 34. Bd5 {[%emt 0:04:58]} Nxd5 {[%emt 0:02:19]} 35. Rd2 {[%emt 0:00:18] Pin} Kg7 {[%emt 0:00:27]} 36. cxd5 {[%emt 0:00:34]} Kf6 {[%emt 0:00:21]} 37. Ra2 {[%emt 0:01:14]} Ra8 {[%emt 0:00:15]} 38. d6 {[%emt 0:00:36]} cxd6 {[%emt 0:00:19]} 39. b6 {[%emt 0:00:16]} Ke5 {[%emt 0:00:42]} 40. b7 {[%emt 0:00:32]} Rb8 {[%emt 0:00:06]} 41. Rxa4 {[%emt 0:00:09]} Rxb7 {[%emt 0:00:10]} 42. g4 {[%emt 0:00:12]} d5 {[%emt 0:00:32]} 43. h4 {[%emt 0:00:52] [#]} d4 $2 {[%emt 0:00:25]} ({Black should try} 43... Rf7 $1 $19 44. g5 d4 45. Ra5+ Ke4) 44. Kg3 {[%emt 0:00:51]} Rf7 {[%emt 0:01:00]} 45. g5 {[%emt 0:00:39]} d3 {[%emt 0:00:01]} 46. Ra5+ {[%emt 0:00:38]} Ke4 {[%emt 0:00:11]} 47. Ra4+ {[%emt 0:00:39]} Ke3 {[%emt 0:00:10]} 48. Ra6 {[%emt 0:01:15]} Re7 {[%emt 0:02:35]} 49. Kg4 {[%emt 0:08:14]} Re4+ {[%emt 0:01:02]} 50. Kh5 {[%emt 0:00:28]} d2 {[%emt 0:00:03]} 51. Ra3+ {[%emt 0:01:42]} Ke2 {[%emt 0:00:16]} 52. Ra2 {[%emt 0:00:34]} Ke1 {[%emt 0:00:08] Kg4 [%emt 00:03:59] Rf4+ [%emt 00:00:04] Kf5 [%emt 00:00:01]} 0-1